Countries that border a country that starts with B quiz - Statistics

General Stats
  • This quiz has been taken 63 times
    40 since last reset
  • The average score is 37 of 46
Answers on the Map
Answers color-coded by a green-red scale on the quiz's map according to % correct below.
 
Answer Stats
Answer % Correct
Argentina
100%
Colombia
100%
India
100%
India
100%
Chile
96%
Peru
96%
France
92%
Paraguay
92%
Uruguay
92%
Venezuela
92%
Guyana
88%
Guyana
88%
Netherlands
88%
Romania
88%
Suriname
88%
Ukraine
88%
China
85%
Luxembourg
85%
Russia
85%
Greece
81%
Lithuania
81%
Poland
81%
South africa
81%
Zimbabwe
81%
Ghana
77%
Niger
77%
Nigeria
77%
North Macedonia
77%
Serbia
77%
Togo
77%
Croatia
73%
Germany
73%
Ivory Coast
73%
Latvia
73%
Mali
73%
Mexico
73%
Namibia
73%
Zambia
73%
Democratic Republic of the Congo
69%
Turkey
69%
Guatemala
65%
Montenegro
65%
Myanmar
65%
Rwanda
65%
Tanzania
65%
Malaysia
62%
No matching quizzes found
Score Distribution
Percent of People with Each Score
Percentile by Number Answered
Your Score History
You have not taken this quiz since the last reset